Решении проблемы контроля качества сварки ответственных металлоконструкции; Высокие технологии в современной науке и технике

Bibliografiske detaljer
Parent link:Высокие технологии в современной науке и технике.— 2014.— [С. 367-371]
Hovedforfatter: Плаксин А. Н. Антон Николаевич
Institution som forfatter: Национальный исследовательский Томский политехнический университет (ТПУ) Юргинский технологический институт (филиал) (ЮТИ) Кафедра сварочного производства (КСП)
Andre forfattere: Чинахов Д. А. Дмитрий Анатольевич
Summary:Заглавие с титульного экрана
Sprog:russisk
Udgivet: 2014
Serier:Проблемы надежности машиностроения и машиностроительные технологии
Fag:
Online adgang:http://earchive.tpu.ru/handle/11683/21112
http://www.lib.tpu.ru/fulltext/c/2014/C17/107.pdf
Format: MixedMaterials Electronisk Book Chapter
KOHA link:https://koha.lib.tpu.ru/cgi-bin/koha/opac-detail.pl?biblionumber=605648

MARC

LEADER 00000naa2a2200000 4500
001 605648
005 20231102022943.0
035 |a (RuTPU)RU\TPU\conf\2960 
035 |a RU\TPU\conf\2959 
090 |a 605648 
100 |a 20140423d2014 k y0rusy50 ca 
101 0 |a rus 
102 |a RU 
105 |a y z 101zy 
135 |a drnn ---uucaa 
181 0 |a i  
182 0 |a b 
200 1 |a Решении проблемы контроля качества сварки ответственных металлоконструкции  |f А. Н. Плаксин, Д. А. Чинахов 
203 |a Текст  |c электронный 
225 1 |a Проблемы надежности машиностроения и машиностроительные технологии 
230 |a 1 компьютерный файл (pdf; 406 Кб) 
300 |a Заглавие с титульного экрана 
320 |a [Библиогр.: с. 370-371 (11 назв.)] 
337 |a Adobe Reader 
463 0 |0 (RuTPU)RU\TPU\conf\2834  |t Высокие технологии в современной науке и технике  |o сборник научных трудов III Международной научно-технической конференции молодых ученых, аспирантов и студентов, г. Томск, 26-28 марта 2014 г.  |f Национальный исследовательский Томский политехнический университет (ТПУ)  |v [С. 367-371]  |d 2014 
610 1 |a труды учёных ТПУ 
610 1 |a электронный ресурс 
610 1 |a контроль 
610 1 |a качество 
610 1 |a сварка 
610 1 |a металлоконструкции 
700 1 |a Плаксин  |b А. Н.  |c специалист в области сварочного производства  |c лаборант Томского политехнического университета  |f 1986-  |g Антон Николаевич  |2 stltpush  |3 (RuTPU)RU\TPU\pers\32264 
701 1 |a Чинахов  |b Д. А.  |c специалист в области сварочного производства  |c доцент Юргинского технологического института (филиала) Томского политехнического университета  |f 1973-  |g Дмитрий Анатольевич  |2 stltpush  |3 (RuTPU)RU\TPU\pers\24212  |9 10706 
712 0 2 |a Национальный исследовательский Томский политехнический университет (ТПУ)  |b Юргинский технологический институт (филиал) (ЮТИ)  |b Кафедра сварочного производства (КСП)  |h 355  |2 stltpush  |3 (RuTPU)RU\TPU\col\18891 
801 2 |a RU  |b 63413507  |c 20210422  |g RCR 
856 4 |u http://earchive.tpu.ru/handle/11683/21112 
856 4 |u http://www.lib.tpu.ru/fulltext/c/2014/C17/107.pdf 
942 |c BK